| 000 | 01059 a2200217 4500 | ||
|---|---|---|---|
| 003 | Nust | ||
| 005 | 20220804103430.0 | ||
| 010 | _a 2003046213 | ||
| 020 | _a0849313767 | ||
| 040 | _cNust | ||
| 082 | 0 | 0 | _a621.367,LAP |
| 100 | 1 |
_aLaplante, Phillip A. _955695 |
|
| 245 | 1 | 0 |
_aSoftware engineering for image processing systems / _cPhillip A. Laplante. |
| 260 |
_aBoca Raton : _bCRC Press, _cc2004. |
||
| 300 |
_a220 p. : _bill. ; _c24 cm. |
||
| 440 | 0 |
_aImage processing series _995621 |
|
| 505 | _aSoftware Engineering (Page-1), Imaging Software and its Properties (Page-9), Software Process and Life Cycle Models (Page-23), Software Requirements (Page-41), Software System Design (Page-71), The Software Production Process (Page-109), Software Measurement and Testing (Page-129), Hardware and Software Integration and Maintenance (Page-145), Management of Software Projects (Page-165). | ||
| 650 | 0 | _aTelecommunication Engineering. | |
| 856 | 4 | 2 |
_3Publisher description _uhttp://www.loc.gov/catdir/enhancements/fy0646/2003046213-d.html |
| 942 |
_cREF _2ddc |
||
| 999 |
_c175587 _d175587 |
||